000 00227 a2200097 4500
001 1447
100 _aShigley, J.E
245 _aIesting and inspection of engineering materials
260 _a
_bMcgrawhill
_c
090 _c990
_d990
942 _aNUST-CAE
_cM
_c36822
999 _c236520
_d236520